000 004690000a22001690004500
003 MACL
005 20160224162222.0
008 160224b xxu||||| |||| 00| 0 eng d
040 _aMACL
_cMACL
041 _aHindi
082 _a800/MUN
100 _aमुंशी लीलावती
_940134
245 _aरंखाचित्र
260 _bकिताब महल
_aइलाहाबाद
650 _aLiterature
_940135
942 _cHIN
_k800
_2ddc
999 _c23613
_d23613